UCL Final Starting XIs 25/26 - Statistics

General Stats
  • This quiz has been taken 45 times
    44 since last reset
  • The average score is 16 of 22
Answer Stats
Team Pos. Answer % Correct
Arsenal GK David Raya
97%
Arsenal CB Gabriel
97%
Arsenal DM Declan Rice
89%
Paris Saint Germain ST Ousmane Dembele
86%
Paris Saint Germain CB Marquinhos
83%
Paris Saint Germain LB Nuno Mendes
83%
Arsenal CB William Saliba
83%
Arsenal ST Kai Havertz
81%
Paris Saint Germain CM Vitinha
81%
Arsenal RM Bukayo Saka
78%
Paris Saint Germain RW Desire Doue
75%
Paris Saint Germain CM Joao Neves
75%
Paris Saint Germain CB Willian Pacho
75%
Paris Saint Germain RB Achraf Hakimi
72%
Paris Saint Germain GK Matvey Safonov
64%
Paris Saint Germain CM Fabian Ruiz
61%
Paris Saint Germain LW Kvicha Kvaratskhelia
58%
Arsenal AM Martin Odegaard
58%
Arsenal RB Cristhian Mosquera
56%
Arsenal LM Leandro Trossard
53%
Arsenal DM Myles Lewis-Skelly
53%
Arsenal LB Piero Hincapie
42%
No matching quizzes found
Score Distribution
Percent of People with Each Score
Percentile by Number Answered
Your Score History
You have not taken this quiz since the last reset